Crónicas del sistema solar / (Record no. 91963)

MARC details
000 -LEADER
campo de control de longitud fija 00821nam a2200265 i 4500
001 - NÚMERO DE CONTROL
campo de control 91963
003 - IDENTIFICADOR DE NÚMERO DE CONTROL
campo de control ES-MaACL
005 - FECHA Y HORA DE LA ÚLTIMA TRANSACCIÓN
campo de control 20230906180850.0
007 - CAMPO FIJO DE DESCRIPCIÓN FÍSICA--INFORMACIÓN GENERAL
campo de control de longitud fija t|
008 - DATOS DE LONGITUD FIJA--INFORMACIÓN GENERAL
campo de control de longitud fija 050310s2003 sp ||||1| spa d
020 ## - NÚMERO INTERNACIONAL ESTÁNDAR DEL LIBRO
Número Internacional Estándar del Libro 84-95495-39-2
080 ## - NÚMERO DE LA CLASIFICACIÓN DECIMAL UNIVERSAL
Número de la Clasificación Decimal Universal 523
245 00 - MENCIÓN DEL TÍTULO
Título Crónicas del sistema solar /
Mención de responsabilidad, etc. [editores científicos: Francisco Anguita Virella y Gabriel Castilla Cañamero].
250 ## - MENCION DE EDICION
Mención de edición 1ª ed.
260 ## - PUBLICACIÓN, DISTRIBUCIÓN, ETC.
Lugar de publicación, distribución, etc. Madrid :
Nombre del editor, distribuidor, etc. Equipo Sirius,
Fecha de publicación, distribución, etc. 2003.
300 ## - DESCRIPCIÓN FÍSICA
Extensión 247 p., [32] p. de lám. :
Otras características físicas il. ;
Dimensiones 24 cm.
490 1# - MENCIÓN DE SERIE
Mención de serie Milenium
504 ## - NOTA DE BIBLIOGRAFÍA, ETC.
Nota de bibliografía, etc. Bibliografía: p. 245-247.
650 ## - PUNTO DE ACCESO ADICIONAL DE MATERIA--TÉRMINO DE MATERIA
Término de materia o nombre geográfico como elemento de entrada Sistema solar.
9 (RLIN) 195183
700 1# - ENTRADA AGREGADA--NOMBRE PERSONAL
Nombre de persona Anguita Virella, Francisco.
9 (RLIN) 21773
700 1# - ENTRADA AGREGADA--NOMBRE PERSONAL
Nombre de persona Castilla Cañamero, Gabriel.
9 (RLIN) 36649
830 0# - PUNTO DE ACCESO ADICIONAL DE SERIE-TÍTULO UNIFORME
Título uniforme Milenium
9 (RLIN) 184768
852 ## - LOCALIZACIÓN
Ubicación ES-MaACL
Número de control de estantería L-29012
Sublocalización o colección R.135480
Holdings
Estatus retirado Estado de pérdida Estado de daño No para préstamo Biblioteca de origen Biblioteca actual Ubicación en estantería Fecha de adquisición Fuente de adquisición Total de préstamos Signatura topográfica completa Código de barras Visto por última vez Precio de reemplazo Tipo de ítem Koha
        Biblioteca del Ateneo de Madrid Biblioteca del Ateneo de Madrid Depósito 2 17/01/2008     L-29012 1096021 23/02/2023 23/02/2023 Libro impreso